Normal view
MARC view
- فاوت، سايمون ... واخرون ؛ ترجمة خليل عبد الحميد عياش
Entry Personal Name
001 - CONTROL NUMBER
- control field: 56683
003 - CONTROL NUMBER IDENTIFIER
- control field: JO-AjAnu
005 - DATE AND TIME OF LATEST TRANSACTION
- control field: 20230606083304.0
008 - FIXED-LENGTH DATA ELEMENTS
- fixed length control field: 230606|| aca||aabn | a|a d
040 ## - CATALOGING SOURCE
- Original cataloging agency: JO-AjAnu
- Transcribing agency: JO-AjAnu
100 ## - HEADING--PERSONAL NAME
- Personal name: فاوت، سايمون ... واخرون ؛ ترجمة خليل عبد الحميد عياش
670 ## - SOURCE DATA FOUND
- Source citation: Work cat.: (JO-AjAnu)28925: فاوت، سايمون ... واخرون ؛ ترجمة خليل عبد الحميد عياش, author, كتاب قراءة الديمقراطية الاجتماعية 2 : الاقتصاد والديمقراطية الاجتماعية